000
00332pab a2200145 454500
008
180718b1996 xxu||||| |||| 00| 0 eng d
100
_a
Purkayastha, Gautam
245
_a
Rural labour indebtedness: a case study
260
_c
1996
300
_a
p.21-23
362
_a
Dec
650
_a
Labour
773
_a
Yojana
909
_a
32749
999
_c
32749
_d
32749